00486nam a2200193 a 4500001001300000003000900013005001700022008004100039020002300080082001500103100002400118245002000142260003000162300000900192500003500201505001300236650001900249700002400268nice12345678IN_TiNIC20260116012945.0050524s1981 u sa grp 000 0 eng  a0882072 c10000a248.4bCHR aChristenson, Evelyn aLord, Change Me aU S AbVictor Booksc1981 a192p aincludes index and biblioraphy2 aIllinois aChristian-Life1 aChristenson, Evelyn